Revista marítima : publicació mesal portaveu de l'Institut Català de la Marina / publicació mesal portaveu de l'Institut Català de la Marina /
Descripción Física:
1 vol. ; il·lustracions b/n ; periodicitat: mensual ; 24 cm
MARC
| LEADER | 00000nas a2200000 a 4500 | ||
|---|---|---|---|
| 001 | 28280 | ||
| 003 | AGDB | ||
| 005 | 20260324180150.0 | ||
| 008 | 160829s1932 xx 000 0 cat d | ||
| 040 | |a agdb |b cat | ||
| 110 | |a Institut Català de la Marina |9 69941 | ||
| 245 | |a Revista marítima : |b publicació mesal portaveu de l'Institut Català de la Marina / |c Institut Català de la Marina | ||
| 260 | |a Barcelona : |b l'Institut ; |c [1932-19??] | ||
| 300 | |a 1 vol. ; |b il·lustracions b/n ; periodicitat: mensual ; |c 24 cm | ||
| 310 | |a Mensual | ||
| 590 | |a Descripció basada en: 1932 (2) | ||
| 650 | |a Institut Català de la Marina |x Revistes |9 48330 | ||
| 650 | 0 | |a Navegació |9 69915 |v Revistes | |
| 650 | 0 | |a Marina mercant |9 47623 |2 Arxiu |x Revistes | |
| 655 | 0 | |9 55823 |a Revistes | |
| 866 | |a Any 1, 1932 (2) | ||
| 901 | |a Arxiu | ||
| 942 | |n 1 |2 udc |c REV | ||
| 952 | |0 0 |1 0 |4 0 |6 REV2322 |7 1 |9 54473 |a Arxiu |b Arxiu |d 2023-10-11 |h Núm. 2 (abril 1932) |o Rev-2322 |p 28280 |r 2016-12-01 00:00:00 |w 2016-12-01 |y ARXIU | ||
| 999 | |c 58342 |d 58342 | ||